[Event "26th Abu Dhabi Masters"]
[Site "Abu Dhabi UAE"]
[Date "2019.08.05"]
[Round "5.4"]
[White "Volokitin, Andrei"]
[Black "Aleksandrov, Aleksej"]
[Result "1/2-1/2"]
[WhiteTitle "GM"]
[BlackTitle "GM"]
[WhiteElo "2636"]
[BlackElo "2571"]
[WhiteFideId "14107090"]
[BlackFideId "13500139"]
[EventDate "2019.08.02"]

1. e4 e5 2. Nf3 Nc6 3. Bc4 Bc5 4. O-O Nf6 5. d3 h6 6. c3 d6 7. Re1 O-O 8. Nbd2
a6 9. h3 Na5 10. b4 Nxc4 11. bxc5 Nxd2 12. Qxd2 Nh5 13. Qd1 Re8 14. cxd6 cxd6
15. a4 Qf6 16. a5 Bd7 17. Rb1 Bc6 18. c4 Nf4 19. Bxf4 Qxf4 20. Rb6 Qf6 21. Qd2
Kh7 22. Re3 Qe6 23. d4 exd4 24. Nxd4 Qxc4 25. Nf5 Re6 26. Nxd6 Qc5 27. Rd3 Bxe4
28. Nxe4 Rxe4 29. Rxb7 Qe5 30. Re3 1/2-1/2

[Event "26th Abu Dhabi Masters"]
[Site "Abu Dhabi UAE"]
[Date "2019.08.05"]
[Round "5.5"]
[White "Akopian, Vladimir"]
[Black "Yakubboev, Nodirbek"]
[Result "0-1"]
[WhiteTitle "GM"]
[BlackTitle "GM"]
[WhiteElo "2650"]
[BlackElo "2574"]
[WhiteFideId "13300032"]
[BlackFideId "14203987"]
[EventDate "2019.08.02"]

1. e4 c5 2. Nf3 d6 3. d4 cxd4 4. Nxd4 Nf6 5. Nc3 a6 6. f3 e5 7. Nb3 Be6 8. Be3
h5 9. Qd2 Nbd7 10. O-O-O Be7 11. Kb1 b5 12. Nd5 Bxd5 13. exd5 Nb6 14. Bxb6 Qxb6
15. Na5 Rc8 16. Bd3 b4 17. Nc4 Qb7 18. Qe2 Rc5 19. f4 Nxd5 20. Qf3 Qb8 21. fxe5
dxe5 22. Nd2 Nf4 23. Bc4 Qc8 24. g3 Ne6 25. Bb3 Ng5 26. Ba4+ Kf8 27. Qe2 Rh6 28.
h4 Ne6 29. Nb3 Rc7 30. Rhf1 Kg8 31. Qxe5 Bf6 32. Qe2 Rg6 33. Rf3 Rg4 34. Rfd3
Re7 35. Qf2 Qc7 36. Re1 Nd4 37. Rxe7 Qxe7 38. Nxd4 Bxd4 39. Qf1 Bf6 40. Qc1 Re4
41. Rd1 Qe5 42. Bb3 Qxg3 43. a4 bxa3 44. bxa3 Qe5 45. Ka2 Bxh4 46. Rd7 Bf6 47.
Bxf7+ Kf8 48. Rd5 Re1 49. Rxe5 Rxc1 0-1

[Event "26th Abu Dhabi Masters"]
[Site "Abu Dhabi UAE"]
[Date "2019.08.05"]
[Round "5.6"]
[White "Esipenko, Andrey"]
[Black "Yuffa, Daniil"]
[Result "1/2-1/2"]
[WhiteTitle "GM"]
[BlackTitle "GM"]
[WhiteElo "2625"]
[BlackElo "2571"]
[WhiteFideId "24175439"]
[BlackFideId "24131423"]
[EventDate "2019.08.02"]

1. e4 c5 2. Nf3 d6 3. d4 cxd4 4. Nxd4 Nf6 5. Nc3 a6 6. h3 e5 7. Nb3 Be6 8. f4
Nc6 9. f5 Bxb3 10. axb3 Nb4 11. g4 d5 12. exd5 Bc5 13. Bg2 h6 14. h4 h5 15. Ne4
Nxe4 16. Bxe4 hxg4 17. Qxg4 Qd7 18. Bd2 O-O-O 19. O-O-O f6 20. Kb1 Rhe8 21. h5
a5 22. Rh3 Kb8 23. Rg3 Bf8 24. Qg6 Qb5 25. h6 gxh6 26. Re1 Qb6 27. Rf3 Re7 28.
Be3 Qa6 29. Bc5 Rg7 30. Bxf8 Rxg6 31. fxg6 Rxf8 32. c3 f5 33. g7 Rg8 34. Rxf5
Rxg7 35. cxb4 Qd6 36. Bc2 Rg5 37. Rxg5 hxg5 38. Rd1 axb4 39. Rg1 Qf6 40. d6 Kc8
41. Rd1 Kd7 42. Be4 g4 43. Bxb7 g3 44. Bg2 Qf5+ 45. Ka2 Qh5 46. Rd3 Qg4 47. Rd5
Qf5 48. Rd2 Qg4 49. Rd5 Qf5 50. Rd2 e4 51. Re2 Qa5+ 52. Kb1 Qd5 53. Ka2 Qa5+ 54.
Kb1 Kxd6 55. Bxe4 Qh5 56. Rd2+ Ke6 57. Bg2 Qh7+ 58. Kc1 Qa7 59. Re2+ Kf5 60. Kb1
Qa6 61. Rd2 Qb6 62. Rc2 Kf4 63. Rc4+ Ke3 64. Bc6 Qa5 65. Bg2 Qf5+ 66. Ka2 Qf8
67. Bc6 Qd6 68. Bg2 Qd2 69. Bc6 Kf2 70. Be4 g2 71. Bxg2 Kxg2 72. Kb1 Kf3 73. Ka2
Ke3 74. Rc8 Qd5 75. Rc4 Qa5+ 76. Kb1 Kd3 77. Rc1 Qf5 78. Rc4 Qe6 79. Ka2 Qa6+
80. Kb1 Qa5 81. Rc1 Qh5 82. Rc4 Qd1+ 83. Ka2 Qe1 84. Rc8 1/2-1/2

[Event "26th Abu Dhabi Masters"]
[Site "Abu Dhabi UAE"]
[Date "2019.08.05"]
[Round "5.7"]
[White "Santos Latasa, Jaime"]
[Black "Socko, Bartosz"]
[Result "0-1"]
[WhiteTitle "GM"]
[BlackTitle "GM"]
[WhiteElo "2586"]
[BlackElo "2625"]
[WhiteFideId "2293307"]
[BlackFideId "1107038"]
[EventDate "2019.08.02"]

1. d4 Nf6 2. c4 e6 3. Nc3 Bb4 4. f3 c5 5. d5 exd5 6. cxd5 d6 7. e4 O-O 8. Ne2
Nbd7 9. Ng3 a6 10. a4 Ne5 11. Be2 Re8 12. O-O c4 13. Kh1 Bd7 14. Be3 Rc8 15. Qd2
Bc5 16. Bxc5 Rxc5 17. Rfc1 b5 18. axb5 axb5 19. Nd1 h5 20. Ne3 g6 21. Nc2 h4 22.
Nf1 Nh5 23. Nb4 Qf6 24. Rc3 Nf4 25. h3 Qg5 26. Bd1 Rcc8 27. Bc2 Ra8 28. Raa3 Kh7
29. Qf2 Nh5 30. Qe3 Nf4 31. Qf2 Nh5 32. Qe3 Kh6 33. Qxg5+ Kxg5 34. Kg1 Nf4 35.
Kf2 f5 36. Nd2 Kf6 37. Re3 Rec8 38. Nb1 fxe4 39. Bxe4 Ra4 40. Rxa4 bxa4 41. Na3
Rb8 42. Nac2 Ned3+ 43. Bxd3 cxd3 0-1

[Event "26th Abu Dhabi Masters"]
[Site "Abu Dhabi UAE"]
[Date "2019.08.05"]
[Round "5.8"]
[White "Indjic, Aleksandar"]
[Black "Paichadze, Luka"]
[Result "1-0"]
[WhiteTitle "GM"]
[BlackTitle "GM"]
[WhiteElo "2617"]
[BlackElo "2570"]
[WhiteFideId "911925"]
[BlackFideId "13602934"]
[EventDate "2019.08.02"]

1. Nf3 Nf6 2. c4 c6 3. Nc3 d5 4. e3 g6 5. h3 Bg7 6. d4 O-O 7. Bd3 Nbd7 8. O-O
dxc4 9. Bxc4 c5 10. Qe2 cxd4 11. exd4 Nb6 12. Bb3 Nbd5 13. Re1 Be6 14. Ng5 Nxc3
15. bxc3 Bxb3 16. axb3 Nd5 17. Bd2 e6 18. Nf3 Ne7 19. h4 Nf5 20. h5 a6 21. hxg6
hxg6 22. Ng5 Re8 23. Qf3 Bf6 24. Ne4 Bg7 25. g4 Nh4 26. Qg3 e5 27. Bg5 f6 28.
Qxh4 fxg5 29. Nxg5 Qd7 30. Qh7+ Kf8 31. Qxg6 Qxg4+ 32. Kf1 Kg8 33. Re4 Qd7 34.
Rh4 1-0

[Event "26th Abu Dhabi Masters"]
[Site "Abu Dhabi UAE"]
[Date "2019.08.05"]
[Round "5.9"]
[White "Praggnanandhaa, R"]
[Black "Yilmaz, Mustafa"]
[Result "1/2-1/2"]
[WhiteTitle "GM"]
[BlackTitle "GM"]
[WhiteElo "2569"]
[BlackElo "2614"]
[WhiteFideId "25059530"]
[BlackFideId "6302718"]
[EventDate "2019.08.02"]

1. e4 c5 2. Nf3 d6 3. d4 cxd4 4. Nxd4 Nf6 5. Nc3 a6 6. a3 e5 7. Nf5 d5 8. Bg5 d4
9. Bxf6 Qxf6 10. Nd5 Qc6 11. c4 Be6 12. f4 g6 13. Nf6+ Kd8 14. Nxd4 exd4 15.
Qxd4+ Qd6 16. Qc3 Qc6 17. Qd4+ Qd6 18. Qc3 Qc6 19. Qd4+ Qd6 1/2-1/2

[Event "26th Abu Dhabi Masters"]
[Site "Abu Dhabi UAE"]
[Date "2019.08.05"]
[Round "5.10"]
[White "Bartel, Mateusz"]
[Black "Aryan, Chopra"]
[Result "1/2-1/2"]
[WhiteTitle "GM"]
[BlackTitle "GM"]
[WhiteElo "2612"]
[BlackElo "2553"]
[WhiteFideId "1112635"]
[BlackFideId "5084423"]
[EventDate "2019.08.02"]

1. d4 Nf6 2. Nf3 g6 3. e3 Bg7 4. Be2 c5 5. O-O O-O 6. dxc5 Qc7 7. a3 a5 8. Nbd2
Na6 9. Nb3 Nxc5 10. Nxc5 Qxc5 11. b4 Qb6 12. Bb2 axb4 13. Bd4 Qd6 14. axb4 Rxa1
15. Qxa1 Qxb4 16. c4 Qd6 17. c5 Qc7 18. Rc1 d5 19. cxd6 Qxd6 20. Bc5 Qd8 21. Qa3
Re8 22. Bxe7 Rxe7 23. Rxc8 Qxc8 24. Qxe7 Nd5 25. Qd6 Nc3 26. Bd3 b5 27. h4 Bf8
28. Qb6 b4 29. Ne5 Qe6 30. Qxe6 fxe6 31. Bc4 Kg7 32. Kf1 Bd6 33. Nf3 1/2-1/2

[Event "26th Abu Dhabi Masters"]
[Site "Abu Dhabi UAE"]
[Date "2019.08.05"]
[Round "5.11"]
[White "Santos Ruiz, Miguel"]
[Black "Karthikeyan, Murali"]
[Result "0-1"]
[WhiteTitle "GM"]
[BlackTitle "GM"]
[WhiteElo "2567"]
[BlackElo "2612"]
[WhiteFideId "22291482"]
[BlackFideId "5074452"]
[EventDate "2019.08.02"]

1. e4 c5 2. Nf3 Nc6 3. d4 cxd4 4. Nxd4 Nf6 5. Nc3 d6 6. Bg5 e6 7. Qd2 a6 8.
O-O-O Be7 9. Bxf6 gxf6 10. f4 Bd7 11. Nxc6 Bxc6 12. Bc4 b5 13. Bb3 a5 14. a4 b4
15. Ne2 Bxe4 16. Ng3 Bc6 17. f5 e5 18. Rhe1 Qd7 19. Ne4 Bxa4 20. Qd5 O-O 21. g4
Bxb3 22. Qxb3 a4 23. Qg3 a3 24. Rd3 a2 25. Kd2 a1=Q 26. Rxa1 Rxa1 27. Qh4 Qa7
28. g5 Qg1 29. gxf6 Rd1+ 30. Ke2 Qf1+ 0-1

[Event "26th Abu Dhabi Masters"]
[Site "Abu Dhabi UAE"]
[Date "2019.08.05"]
[Round "5.12"]
[White "Aravindh, Chithambaram VR."]
[Black "Sanal, Vahap"]
[Result "1/2-1/2"]
[WhiteTitle "GM"]
[BlackTitle "GM"]
[WhiteElo "2607"]
[BlackElo "2535"]
[WhiteFideId "5072786"]
[BlackFideId "6300545"]
[EventDate "2019.08.02"]

1. d4 Nf6 2. c4 e6 3. Nc3 Bb4 4. f3 d5 5. a3 Bxc3+ 6. bxc3 c5 7. cxd5 Nxd5 8.
dxc5 Qa5 9. e4 Nc7 10. Be3 O-O 11. Kf2 Nca6 12. Qb3 Qc7 13. Bxa6 Nxa6 14. Ne2
Nxc5 15. Qc4 b6 16. Bxc5 bxc5 17. Rab1 a5 18. Rb5 Ba6 19. Qxc5 Qd7 20. Rxa5 Rfc8
21. Qe3 Qc7 22. Ra4 Qc6 23. Rd4 e5 24. Rd2 Bxe2 25. Kxe2 Rxa3 26. Rhd1 h6 27.
Rd8+ Rxd8 28. Rxd8+ Kh7 29. Rd3 Ra2+ 30. Rd2 Ra1 31. Rc2 Qb5+ 32. Kf2 Qb1 33.
Re2 Qb3 34. h3 Ra3 35. c4 Qb4 36. Qc1 Qc5+ 37. Kg3 Rd3 38. Rc2 f5 39. Qe1 Qd4
40. Kh2 Re3 41. Qf2 f4 42. Rc1 Qc5 43. Qd2 Ra3 44. Qd7 Ra6 45. Qf5+ Rg6 46. Rc2
Qa5 47. Re2 Qc5 48. h4 h5 49. Qxh5+ Rh6 50. Qf5+ Kh8 51. Qg5 Qxc4 52. Rb2 Qf7
53. Rb8+ Kh7 54. Qd8 Qf6 55. Qxf6 gxf6 56. Rb7+ Kg8 57. Kh3 Rg6 58. g4 fxg3 59.
Rb2 Kf7 60. Rg2 Rh6 61. Rxg3 Rh8 62. Rg1 Rh7 63. Ra1 Rh8 64. Kg4 Kg6 65. Ra6 Rg8
66. Rb6 Rg7 67. Rc6 Rg8 68. Rd6 Rg7 69. Rb6 Rg8 70. Ra6 Rg7 71. Ra1 f5+ 72. Kh3
Rf7 73. Rg1+ Kh6 74. exf5 Rxf5 75. Kg4 Rf4+ 76. Kg3 Kg6 77. Ra1 Rb4 78. Ra8 Rb1
79. Rg8+ Kf6 80. Re8 Rg1+ 81. Kh3 Rh1+ 82. Kg4 Rg1+ 83. Kh5 Rg3 84. Rf8+ Kg7 85.
Rf5 Kh7 86. Rf7+ Kg8 87. Rf6 Kg7 88. Rf5 Kh7 89. Rxe5 Rxf3 90. Re7+ Kg8 1/2-1/2

[Event "26th Abu Dhabi Masters"]
[Site "Abu Dhabi UAE"]
[Date "2019.08.05"]
[Round "5.13"]
[White "Istratescu, Andrei"]
[Black "Zubov, Alexander"]
[Result "1/2-1/2"]
[WhiteTitle "GM"]
[BlackTitle "GM"]
[WhiteElo "2561"]
[BlackElo "2607"]
[WhiteFideId "1200372"]
[BlackFideId "14109409"]
[EventDate "2019.08.02"]

1. d4 d5 2. Nf3 Nf6 3. c4 c6 4. Qc2 g6 5. Bf4 dxc4 6. Qxc4 Be6 7. Qc2 Bf5 8. Qb3
Qb6 9. Nbd2 Nbd7 10. e3 Bg7 11. Bc4 O-O 12. h3 Ne4 13. Rd1 Nd6 14. Bxd6 exd6 15.
O-O d5 16. Bd3 Be6 17. Nb1 Qxb3 18. axb3 Nb6 19. Nc3 Rae8 20. Na4 Nc8 21. Nc5
Nd6 22. Nxe6 Rxe6 23. g3 h6 24. h4 f5 25. Kg2 Bf6 26. Ng1 Kf7 27. Ne2 Ree8 28.
Rh1 Ne4 29. Bc2 Be7 30. Nf4 Bd6 31. Nd3 Nf6 32. Rde1 Ng4 33. Bd1 Nf6 34. f4 h5
35. Bf3 Kg7 36. Kf2 Re7 37. Ra1 a6 38. Rhe1 Kf7 39. Ne5+ Bxe5 40. dxe5 Ne8 41.
b4 Nc7 42. Bd1 Rd7 43. Bb3 Ke7 44. Red1 Ne6 45. Rd3 Kd8 46. Ke2 Kc7 47. Kd2 Kb6
48. Kc3 Ra8 49. Rd2 Rdd8 50. Rdd1 Nc7 51. Bc2 Ne6 52. Bb3 Rac8 53. Rd2 Kc7 54.
Rad1 b5 55. Ra1 Kb6 56. Rd3 Ra8 57. Bc2 Rd7 58. Kd2 Rda7 59. Rda3 a5 60. bxa5+
Rxa5 61. Kc3 Rxa3+ 62. Rxa3 Rd8 63. b4 Rc8 64. Bb3 Rd8 65. Ra1 Nc7 66. Bc2 Ne6
67. Bb3 Nc7 1/2-1/2

[Event "26th Abu Dhabi Masters"]
[Site "Abu Dhabi UAE"]
[Date "2019.08.05"]
[Round "5.14"]
[White "Sengupta, Deep"]
[Black "Tabatabaei, M.amin"]
[Result "0-1"]
[WhiteTitle "GM"]
[BlackTitle "GM"]
[WhiteElo "2546"]
[BlackElo "2601"]
[WhiteFideId "5008352"]
[BlackFideId "12521213"]
[EventDate "2019.08.02"]

1. e4 c5 2. Nf3 d6 3. Bb5+ Bd7 4. Bxd7+ Nxd7 5. c4 Ngf6 6. Nc3 Rc8 7. O-O g6 8.
b3 Ne5 9. d4 Nxf3+ 10. Qxf3 cxd4 11. Nb5 e5 12. Nxa7 Ra8 13. Nb5 Nd7 14. Bg5 f6
15. Bd2 Nc5 16. Qe2 Qd7 17. f4 Be7 18. Bb4 Qc6 19. Rae1 Kf7 20. Bxc5 Qxc5 21.
Kh1 Bf8 22. a3 Rc8 23. Qd3 h5 24. Rc1 exf4 25. Rcd1 Bh6 26. Qh3 Rcd8 27. Rxd4
Rhe8 28. Rfd1 Re6 29. b4 Qe5 30. c5 d5 31. Nd6+ Rexd6 32. cxd6 dxe4 33. Qb3+ Kf8
34. Qc4 f5 35. Qc7 Bg5 36. Rd5 Qe6 37. d7 Kf7 38. Rd6 Qb3 39. Qxb7 f3 40. Qd5+
Qxd5 41. R6xd5 f2 42. g3 e3 43. Kg2 e2 44. Kxf2 exd1=Q 45. Rxd1 Ke6 46. Re1+
Kxd7 47. a4 Rc8 48. b5 Rc2+ 49. Kf3 Rc3+ 50. Kg2 Ra3 51. Rd1+ Ke6 52. Rd4 Be3
53. Rc4 Kd5 54. Rc6 g5 55. Ra6 Ra2+ 56. Kf1 Ke4 57. Ke1 Kd3 58. Kf1 g4 0-1

[Event "26th Abu Dhabi Masters"]
[Site "Abu Dhabi UAE"]
[Date "2019.08.05"]
[Round "5.15"]
[White "Xu, Yi"]
[Black "Petrov, Nikita"]
[Result "1/2-1/2"]
[WhiteTitle "GM"]
[BlackTitle "GM"]
[WhiteElo "2531"]
[BlackElo "2595"]
[WhiteFideId "8605564"]
[BlackFideId "4101286"]
[EventDate "2019.08.02"]

1. e4 c5 2. Nf3 Nc6 3. Bb5 d6 4. O-O Bd7 5. Re1 Nf6 6. c3 a6 7. Bf1 Bg4 8. h3
Bxf3 9. Qxf3 e6 10. Qg3 Be7 11. Qxg7 Rg8 12. Qh6 Ne5 13. Qe3 Nh5 14. d4 Bg5 15.
Qe2 Bxc1 1/2-1/2

[Event "26th Abu Dhabi Masters"]
[Site "Abu Dhabi UAE"]
[Date "2019.08.05"]
[Round "5.17"]
[White "Kryvoruchko, Yuriy"]
[Black "Vignesh, N R"]
[Result "1/2-1/2"]
[WhiteTitle "GM"]
[BlackTitle "IM"]
[WhiteElo "2686"]
[BlackElo "2466"]
[WhiteFideId "14109182"]
[BlackFideId "25012215"]
[EventDate "2019.08.02"]

1. e4 c5 2. Nf3 d6 3. d4 cxd4 4. Nxd4 Nf6 5. Nc3 a6 6. g3 e5 7. Nf3 Be7 8. Bg2
O-O 9. Nh4 Bg4 10. Bf3 Bxf3 11. Qxf3 Nc6 12. Nf5 Nd4 13. Nxd4 exd4 14. Ne2 Qa5+
15. Bd2 Qe5 16. Bf4 Qa5+ 17. Bd2 Qe5 18. O-O-O Nxe4 19. Bf4 Bg5 20. Rxd4 Rfe8
21. Rhd1 Nxf2 22. Qxf2 Qxe2 1/2-1/2

[Event "26th Abu Dhabi Masters"]
[Site "Abu Dhabi UAE"]
[Date "2019.08.05"]
[Round "5.18"]
[White "Onischuk, Vladimir"]
[Black "Akash Pc, Iyer"]
[Result "1-0"]
[WhiteTitle "GM"]
[BlackTitle "IM"]
[WhiteElo "2640"]
[BlackElo "2443"]
[WhiteFideId "14114038"]
[BlackFideId "5006775"]
[EventDate "2019.08.02"]

1. e4 c5 2. Ne2 Nc6 3. Nbc3 d6 4. g3 g6 5. d4 Bg4 6. d5 Ne5 7. f4 Nc4 8. Qd3 Nb6
9. a4 Bg7 10. a5 Nd7 11. Bg2 Ngf6 12. Ng1 c4 13. Qe3 Nc5 14. h3 Bc8 15. e5 Nh5
16. g4 Nxf4 17. Qxf4 Bxe5 18. Qxc4 Bg3+ 19. Kd1 O-O 20. Nf3 Bd7 21. Ne2 1-0

[Event "26th Abu Dhabi Masters"]
[Site "Abu Dhabi UAE"]
[Date "2019.08.05"]
[Round "5.19"]
[White "Shyaamnikhil, P"]
[Black "Ter-Sahakyan, Samvel"]
[Result "1/2-1/2"]
[WhiteTitle "IM"]
[BlackTitle "GM"]
[WhiteElo "2457"]
[BlackElo "2632"]
[WhiteFideId "5024218"]
[BlackFideId "13302531"]
[EventDate "2019.08.02"]

1. e4 e5 2. Nf3 Nc6 3. Bb5 g6 4. c3 a6 5. Bc4 Bg7 6. d4 exd4 7. cxd4 b5 8. Be2
d5 9. e5 Nge7 10. Nbd2 O-O 11. Nb3 f6 12. exf6 Bxf6 13. O-O Nf5 14. Bf4 g5 15.
Rc1 gxf4 16. Rxc6 Bd7 17. Rc2 Bg7 18. Nc5 Bc8 19. Re1 Rb8 20. Bd3 Rb6 21. Rce2
Nh4 22. Re7 Nxf3+ 23. Qxf3 h6 24. Bc2 Rbf6 25. h3 R6f7 26. Rxf7 1/2-1/2

[Event "26th Abu Dhabi Masters"]
[Site "Abu Dhabi UAE"]
[Date "2019.08.05"]
[Round "5.20"]
[White "Socko, Monika"]
[Black "Antipov, Mikhail Al."]
[Result "0-1"]
[WhiteTitle "GM"]
[BlackTitle "GM"]
[WhiteElo "2436"]
[BlackElo "2599"]
[WhiteFideId "1106619"]
[BlackFideId "4107012"]
[EventDate "2019.08.02"]

1. e4 c5 2. Nf3 Nc6 3. Bb5 g6 4. Bxc6 dxc6 5. d3 Bg7 6. h3 Nf6 7. Nc3 O-O 8. Be3
b6 9. Qd2 e5 10. Bh6 Qd6 11. O-O-O b5 12. g4 a5 13. Bxg7 Kxg7 14. Qg5 Re8 15.
Ne2 a4 16. Nh4 b4 17. Ng3 Kh8 18. Rhf1 Ng8 19. Nf3 h6 20. Qe3 Be6 21. Kb1 Red8
22. Ne2 Kg7 23. Nc1 Ne7 24. Nd2 g5 25. Nc4 Bxc4 26. dxc4 Qxd1 27. Rxd1 Rxd1 28.
a3 Ng6 29. Qxc5 b3 30. cxb3 Nf4 31. Qe3 axb3 32. Qxb3 Rad8 33. Kc2 R8d2+ 34. Kc3
Rd3+ 35. Nxd3 Rxd3+ 36. Kc2 Rxb3 37. Kxb3 Nxh3 38. a4 Nxf2 39. a5 Nxe4 40. Kb4
Nd6 41. a6 Nc8 42. Kc5 e4 43. Kxc6 e3 44. Kb7 e2 45. Kxc8 e1=Q 46. a7 Qa1 0-1

[Event "26th Abu Dhabi Masters"]
[Site "Abu Dhabi UAE"]
[Date "2019.08.05"]
[Round "5.21"]
[White "Aditya, Mittal"]
[Black "Bai, Jinshi"]
[Result "1/2-1/2"]
[WhiteTitle "IM"]
[BlackTitle "GM"]
[WhiteElo "2429"]
[BlackElo "2599"]
[WhiteFideId "35042025"]
[BlackFideId "8602280"]
[EventDate "2019.08.02"]

1. d4 Nf6 2. c4 g6 3. Nc3 d5 4. cxd5 Nxd5 5. e4 Nxc3 6. bxc3 c5 7. Nf3 Bg7 8.
Be3 Bg4 9. Rc1 O-O 10. Be2 Qa5 11. O-O Qxa2 12. Ra1 Qb2 13. h3 Bxf3 14. Bxf3 Nc6
15. d5 Ne5 16. Be2 b6 17. Rb1 Qxc3 18. Qa4 c4 19. Rfc1 Qa5 20. Qxa5 bxa5 21. f4
Bh6 22. Rc3 1/2-1/2

[Event "26th Abu Dhabi Masters"]
[Site "Abu Dhabi UAE"]
[Date "2019.08.05"]
[Round "5.22"]
[White "Agmanov, Zhandos"]
[Black "Can, Emre"]
[Result "0-1"]
[WhiteTitle "IM"]
[BlackTitle "GM"]
[WhiteElo "2402"]
[BlackElo "2593"]
[WhiteFideId "13708309"]
[BlackFideId "6302181"]
[EventDate "2019.08.02"]

1. e4 c5 2. Nf3 d6 3. Bb5+ Nd7 4. Ba4 Nf6 5. O-O a6 6. c4 e6 7. Nc3 Be7 8. d4
cxd4 9. Qxd4 O-O 10. Bxd7 Bxd7 11. e5 dxe5 12. Nxe5 Be8 13. Be3 Qc7 14. f4 Rd8
15. Qb6 Qc8 16. Rad1 Nd7 17. Nxd7 Bxd7 18. b3 Bc6 19. Bc5 Rxd1 20. Rxd1 Bd8 21.
Qb4 Re8 22. Bd6 b6 23. Qa3 Bb7 24. Qb2 Bf6 25. Be5 Be7 26. Na4 b5 27. cxb5 axb5
28. Rc1 Qd8 29. Nc3 Qb6+ 30. Kh1 f6 0-1

[Event "26th Abu Dhabi Masters"]
[Site "Abu Dhabi UAE"]
[Date "2019.08.05"]
[Round "5.23"]
[White "Idani, Pouya"]
[Black "Suleymanli, Aydin"]
[Result "1-0"]
[WhiteTitle "GM"]
[BlackTitle "IM"]
[WhiteElo "2581"]
[BlackElo "2416"]
[WhiteFideId "12510130"]
[BlackFideId "13413937"]
[EventDate "2019.08.02"]

1. e4 c6 2. d4 d5 3. e5 Bf5 4. h4 h6 5. g4 Bd7 6. Nc3 e6 7. Be3 c5 8. dxc5 Qc7
9. f4 Bxc5 10. Bxc5 Qxc5 11. Qd2 Nc6 12. O-O-O O-O-O 13. Nf3 a6 14. Rh3 Nge7 15.
Kb1 f6 16. Ne2 fxe5 17. Nxe5 Nxe5 18. fxe5 Nc6 19. Nf4 Rhf8 20. Rc3 Qa7 21. g5
hxg5 22. hxg5 Rf5 23. Bh3 Rxe5 24. Ng6 Re4 25. Bg2 Ra4 26. b3 Qb6 27. Bxd5 exd5
28. Ne7+ Kb8 29. Qh2+ Ka7 30. Nxd5 Rd4 31. Nxb6 Rxd1+ 32. Kb2 Kxb6 33. Qf2+ Kc7
34. Qf7 Re8 35. Qxg7 Re6 36. a4 b5 37. axb5 axb5 38. g6 Rdd6 39. Rg3 Ne5 40. Rg5
Nxg6 41. Rxb5 Ne7 42. Qc3+ Nc6 43. Qc5 Rd2 44. Qb6+ Kd6 45. Qc5+ Kc7 46. Rb4 Re5
47. Qb6+ Kd6 48. Rc4 Rdd5 49. Rh4 Rh5 50. Ra4 Rc5 51. Ra7 Ke7 52. Rc7 Kd6 53.
Rb7 Ke6 54. Qc7 Rhd5 55. Qf4 Ne5 56. Qh6+ Ke7 57. c4 Rd6 58. Qg7+ Nf7 59. Qg3
Re5 60. Ka3 Ra6+ 61. Kb4 Rd6 62. Qh4+ Rg5 63. Qf4 Ke8 64. Rb8+ Ke7 65. Qh4 Rh6
66. Qf4 Rf6 67. Qe4+ Re6 68. Qh7 Rh6 69. Qc2 Re6 70. Qc1 Ree5 71. Qd2 Re6 72.
Rb7 Rd6 73. Qf4 Ke8 74. Kc3 Rgg6 75. Qe4+ Rde6 76. Rb8+ Ke7 77. Qh4+ Rgf6 78.
Kb4 Nd8 79. Ka3 Ra6+ 80. Kb2 Re6 81. Ra8 Re2+ 82. Ka3 Re6 83. Qg5 Nf7 84. Qc5+
Rd6 85. Ra7 Ke8 86. Rb7 Rf5 87. Qg1 Ra6+ 88. Kb4 Rg5 89. Qh2 Ke7 90. Qf4 Rd6 91.
c5 Rdd5 92. c6 Rb5+ 93. Rxb5 Rg4 94. Qxg4 Bxg4 95. Rb7+ Ke6 96. Kc5 Ne5 97. Rb8 1-0

[Event "26th Abu Dhabi Masters"]
[Site "Abu Dhabi UAE"]
[Date "2019.08.05"]
[Round "5.25"]
[White "Aronyak, Ghosh"]
[Black "Bajarani, Ulvi"]
[Result "1/2-1/2"]
[WhiteTitle "CM"]
[BlackTitle "GM"]
[WhiteElo "2332"]
[BlackElo "2515"]
[WhiteFideId "25072846"]
[BlackFideId "13403028"]
[EventDate "2019.08.02"]

1. c4 c6 2. Nf3 d5 3. e3 Nf6 4. Nc3 a6 5. Qc2 g6 6. d4 Bg7 7. Be2 O-O 8. O-O Bg4
9. h3 Bxf3 10. Bxf3 dxc4 11. b3 cxb3 12. Qxb3 Qc7 13. Ba3 Re8 14. e4 e5 15. dxe5
Qxe5 16. Qxb7 Nbd7 17. Rac1 Bh6 18. Rc2 Rab8 19. Qxc6 Rec8 20. Qxa6 Rxc3 21. Bd6
Qxd6 22. Qxd6 Rxc2 23. Qa6 Kg7 24. Bd1 Rd2 25. Bb3 Bf4 26. Qc4 Ne5 27. Qa4 Ned7
28. Qc4 Rf8 29. g3 Be5 30. Rd1 Rxd1+ 31. Bxd1 g5 32. Bb3 Bb8 33. Qb5 h6 34. a4
Ne5 35. a5 Bd6 36. a6 Rb8 37. Qa5 Rxb3 38. a7 Ra3 39. Qxa3 Bxa3 40. a8=Q Bc5 41.
Qa4 g4 42. h4 Nf3+ 43. Kg2 Bd4 44. Qc6 Be5 45. Qc4 h5 46. Qa4 Bd4 47. Qc6 Ne5
48. Qa4 Bc3 49. Qc2 Ba1 50. Qd1 Bc3 51. Qc2 Bd4 52. Qa4 Bc5 53. Qc2 Nfd7 54. Qd2
Be7 55. Qf4 Ng6 56. Qf5 Nde5 57. Kf1 Kh6 58. Ke2 f6 59. Kf1 Nf3 60. Qe6 Kg7 61.
Qd7 Nh2+ 62. Kg2 Nf3 63. Kf1 Nfe5 64. Qf5 Kh6 65. Ke2 Nc6 66. Qd7 Nd8 67. Kf1
Nf7 68. Qe6 Nd6 69. Qd5 Kg7 70. Kg2 Ne5 71. Kf1 Ndf7 72. Kg2 Bd8 73. Kf1 Bb6 74.
Qb5 Bd4 75. Qd5 Bb2 76. Qb3 Bc1 77. Qd1 Ba3 78. Qb3 Bd6 79. Qd5 Bf8 80. Kg2 Nd6
81. Kf1 Be7 82. Qe6 Ng6 83. Kg2 Kf8 84. Qd5 Ne5 85. Kf1 Ndc4 86. Qa8+ Kg7 87.
Qb7 Ng6 88. Qd5 1/2-1/2

[Event "26th Abu Dhabi Masters"]
[Site "Abu Dhabi UAE"]
[Date "2019.08.05"]
[Round "5.29"]
[White "Mahalakshmi, M"]
[Black "Arjun, Kalyan"]
[Result "1/2-1/2"]
[WhiteTitle "WIM"]
[BlackTitle "IM"]
[WhiteElo "2173"]
[BlackElo "2482"]
[WhiteFideId "5001080"]
[BlackFideId "35018701"]
[EventDate "2019.08.02"]

1. d4 d5 2. c4 e6 3. Nf3 Nf6 4. Nc3 Be7 5. Bf4 O-O 6. e3 b6 7. Bd3 c5 8. O-O
cxd4 9. Nxd4 Bb7 10. Nf3 Nc6 11. a3 dxc4 12. Bxc4 Nh5 13. Qe2 Nxf4 14. exf4 Qb8
15. g3 a6 16. Rfd1 b5 17. Ba2 Rd8 18. Ne4 h6 19. Nc3 Qa7 20. Rac1 Bf8 21. Bb1
Qb6 22. Qc2 g6 23. Ne4 Be7 24. Qc3 Rxd1+ 25. Rxd1 Rd8 26. Rxd8+ Qxd8 27. Qd3
Qxd3 28. Bxd3 f5 29. Nc3 Bf6 30. Kf1 Kf7 31. h4 Ke7 32. Ke2 Kd6 33. Ke3 Ne7 34.
Ne1 Nd5+ 35. Kd2 Bd4 36. Nd1 Nb6 37. Nc2 Bf6 38. Nc3 Nd7 39. Ne3 Nc5 40. Bc2 Bc6
41. b4 Nd7 42. Bb3 Bd4 43. Kd3 Ba7 44. a4 Nf6 45. axb5 axb5 46. Kd2 Bd4 47. Bc2
Ne8 48. Bd3 Nc7 49. Be2 Kd7 50. h5 gxh5 51. Bxh5 Ne8 52. Kd3 Bb6 53. Bxe8+ Kxe8
54. Ne2 Bd7 55. Nd4 Ke7 56. Nd1 Bc7 57. Nc3 Bd6 58. Ncxb5 Bxb4 59. Nc3 Bc5 60.
Nd1 Bc8 61. Ne3 Ba6+ 62. Kc3 Kf6 63. Nf3 Bd6 64. Nc4 Bc7 65. Nce5 Bb7 66. Kd2 h5
67. Ke1 Ba6 68. Nd7+ Ke7 69. Nde5 Ba5+ 70. Kd1 Bb6 71. Ke1 Ba5+ 72. Kd1 Bc7 73.
Ke1 Bb7 74. Kf1 Bd5 75. Kg1 Kf6 76. Kh2 h4 77. Nxh4 Bxe5 78. fxe5+ Kxe5 79. f4+
Kf6 80. g4 fxg4 81. Kg3 Bf3 82. Nxf3 gxf3 83. Kxf3 e5 84. fxe5+ Kxe5 1/2-1/2